Lean Pratice in the Warehouse Supply Chain diplomová práca

Enregistré dans:
Détails bibliographiques
Auteur principal: Iteme, Isaac
Collectivité auteur: Fakulta podnikového manažmentu EU. Katedra manažmentu výroby a logistiky - zrušená
Autres auteurs: Džubáková, Martina
Format: Livre
Langue:anglais
Publié: Bratislava 2019
Tags: Ajouter un tag
Pas de tags, Soyez le premier à ajouter un tag!

MARC

LEADER 00000nbm a2200000 4500
001 0255604
005 20190702073434.6
041 0 |a eng 
044 |a SK 
245 1 0 |a Lean Pratice in the Warehouse Supply Chain  |b diplomová práca  |c Isaac Iteme ; školiteľ: Martina Džubáková 
264 1 |a Bratislava  |c 2019 
300 |a 58 s. 
100 1 |a Iteme, Isaac 
700 1 |a Džubáková, Martina 
710 2 |a Fakulta podnikového manažmentu EU. Katedra manažmentu výroby a logistiky - zrušená